000 01364cam a22003734a 4500
001 14228760
003 OSt
005 20140310182852.0
008 040929s2004 ph a b 000 0 eng
010 _a 2004420787
020 _a9719195568
040 _aDLC
_cDLC
_dDLC
042 _alcode
043 _aa-ph---
050 0 0 _aPN 4748.P6
_b.P74 2004
100 1 _aCawicaan, Sweet Mary J.
245 1 0 _aPress freedom in the Philippines :
_ba study in contradictions /
260 _a[Manila], Philippines :
_bCenter for Media Freedom and Responsibility in cooperation with the Southeast Asian Press Alliance and with support of N(o)vib Oxfam Netherlands,
_c2004.
300 _a85 p. :
_bill. ;
_c26 cm.
504 _aIncludes bibliographical references.
521 _aMC
650 0 _aFreedom of the press
_zPhilippines.
650 0 _aGovernment and the press
_zPhilippines.
650 0 _aCensorship
_zPhilippines.
700 1 _aMacale, Hector Bryant L.
710 2 _aCenter for Media Freedom and Responsibility (Philippines)
710 2 _aSoutheast Asian Press Alliance.
906 _a7
_bcbc
_corigode
_d3
_encip
_f20
_gy-gencatlg
942 _2lcc
_cBK
_kLOC
999 _c16997
_d16997